| 000 | 00349 a2200133 4500 | ||
|---|---|---|---|
| 005 | 20250319105735.0 | ||
| 020 | _a0-394-35376-5 | ||
| 082 | _a428 KIR | ||
| 100 | _aKIRN, E. | ||
| 245 | _aThe ETC Program Issues and Answers: A Competency-Based Grammar | ||
| 260 |
_aNew York, _bRandom House, _c1989. |
||
| 300 |
_ax, 180.: table _c28cm. |
||
| 942 |
_2ddc _cBKS |
||
| 999 |
_c950 _d950 |
||